000 00978nam a2200313 i 4500
003 DO-SdBNP
005 20240619102846.0
007 ta
008 091212s2003 sp 000 f spa d
020 _a9788495501462
040 _aDO-SdBNP
_bspa
_cBNPHU
_erda
082 4 _a813.5
_bB812d, 2003
_222
100 1 _aBrady, Joan,
_d1939-
_932520
_eautor
240 1 0 _aGod on a harley.
_lEspañol
245 1 0 _aDios vuelve en una harley /
_cJoan Brady ; traducción, Rosa Arruti.
250 _adecimoquinta edición
264 _aMadrid :
_bSuma de Letras,
_c2003.
300 _a167 páginas ;
_c18 cm.
336 _2rdacontent
_atexto
_btxt
337 _2rdamedia
_asin mediación
_bn
338 _2rdacarrier
_avolumen
_bnc
490 _aPunto de lectura
_v52
590 _aInventariado, 2024/BT
650 4 _aNovela estadounidense
_9262
650 4 _aLiteratura estadounidense
_9263
700 1 _aArruti, Rosa,
_etraducción
_932521
910 _aBtavárez
942 _2ddc
_cLBS1
999 _c56890
_d56890